000
00275nam a2200109Ia 4500
008
220204s9999 xx 000 0 und d
082
_a
535.2(035)
_b
GRO
100
_a
Gross, R W F
245
0
_a
Handbook of chemical lasers
260
_a
New York
_b
John Wiley
_c
1976
942
_c
BK
999
_c
25719
_d
25719